000 00262nam a22001217a 4500
008 181101b xxu||||| |||| 00| 0 eng d
041 _aeng
080 _a910.
100 _a45
101 _aGEO
245 _aLiteracy World Atlas
_cHammon.s
942 _2udc
_cBK
999 _c51522
_d51522